000 00559nam a2200229 a 4500
999 _c5373
_d5373
001 5373
003 BD-JhCC
005 20190716134016.0
008 171213s2007 si a|||| |||| 000 0 eng d
020 _a9971616629
035 _a(BD-JhCC) 5373
040 _aBD-JhCC
_dBD-JhCC
041 _aeng
082 _a510
_bYEE 2007
100 _aYee, Lee peng
245 _aPure Mathematics /
_c Lee peng Yee
300 _a450p. :
_bill. ;
_c24 cm
650 _aMathematics
700 _aSeng, Teh Keng, Keong, Looi Chin
942 _2ddc
_cBK
_01